书目信息 |
| 题名: |
战争海报收藏
|
|
| 作者: | 范大鹏 主编 ;戴冰 编著 | |
| 分册: | 上册 | |
| 出版信息: | 北京 现代出版社 2002 |
|
| 页数: | 239页 | |
| 开本: | 21cm | |
| 丛书名: | 梦工场系列丛书 | |
| 单 册: | ||
| 中图分类: | J238.1 | |
| 科图分类: | ||
| 主题词: | 战争片--宣传画--世界--作品集 , 战争片 , 宣传画 | |
| 电子资源: | ||
| ISBN: | 7-80028-662-2 | |
| 000 | 01074oam2 2200301 450 | |
| 001 | 012007032908 | |
| 005 | 20070605150011.40 | |
| 010 | @a7-80028-662-2@dCNY64.00(全2册) | |
| 100 | @a20070602d2002 km y0chiy0120 ea | |
| 101 | 0 | @achi |
| 102 | @aCN@b110000 | |
| 105 | @aa z 000yy | |
| 106 | @ar | |
| 200 | 1 | @a战争海报收藏@Azhan zheng hai bao shou cang@e[图集]@h上册@f范大鹏主编@Ffan da peng zhu bian@g戴冰等编著@Gdai bing deng bian zhu |
| 210 | @a北京@c现代出版社@d2002 | |
| 215 | @a239页@c图@d21cm | |
| 225 | 2 | @a梦工场系列丛书 |
| 304 | @a编著者还有:范大鹏、李诗匀、张小红、赵冉等 | |
| 330 | @a本书精选了第二次世界大战期间各国的海报,既有珍贵的史料价值,也有较高的艺术欣赏价值,从中也可以窥见残酷而昂扬的战争岁月。采用铜版纸全彩印刷,是军事爱好者和军品收藏者的必读之物。 | |
| 461 | 0 | @12001 @a梦工场系列丛书 |
| 606 | 0 | @a战争片@x宣传画@y世界@j作品集 |
| 606 | 0 | @a战争片 |
| 606 | 0 | @a宣传画 |
| 690 | @aJ238.1@v4 | |
| 701 | 0 | @a范大鹏@Afan da peng@4主编 |
| 702 | 0 | @a戴冰@Adai bing@4编著 |
| 801 | 0 | @aCN@bRULIN@c20070605 |
| 905 | @dJ238.1@e73:1@s8 | |
| 战争海报收藏:[图集].上册/范大鹏主编/戴冰等编著.-北京:现代出版社,2002 |
| 239页:图;21cm.-(梦工场系列丛书) |
| ISBN 7-80028-662-2:CNY64.00(全2册) |
| 本书精选了第二次世界大战期间各国的海报,既有珍贵的史料价值,也有较高的艺术欣赏价值,从中也可以窥见残酷而昂扬的战争岁月。采用铜版纸全彩印刷,是军事爱好者和军品收藏者的必读之物。 |
| ● |
| 相关链接 |
|
|
|
|
正题名:战争海报收藏
索取号:J238.1/73:1
 
预约/预借
| 序号 | 登录号 | 条形码 | 馆藏地/架位号 | 状态 | 备注 |
| 1 | 0582218 | 205822181 | 第一样本阅览室/ [索取号:J238.1/73:1] | 在馆 | |
| 2 | 0582220 | 205822207 | 第一借阅区/ [索取号:J238.1/73:1] | 在馆 | |
| 3 | 0582222 | 205822225 | 第一借阅区/ [索取号:J238.1/73:1] | 在馆 | |
| 4 | 0582224 | 205822243 | 第一借阅区/ [索取号:J238.1/73:1] | 在馆 | |
| 5 | 0582226 | 205822261 | 第一借阅区/ [索取号:J238.1/73:1] | 在馆 | |
| 6 | 0582228 | 205822289 | 第一借阅区/ [索取号:J238.1/73:1] | 在馆 | |
| 7 | 0582230 | 205822305 | 第一借阅区/ [索取号:J238.1/73:1] | 在馆 | |
| 8 | 0582232 | 205822323 | 第一借阅区/ [索取号:J238.1/73:1] | 在馆 |